000 00863nam a2200277Ia 4500
003 OSt
005 20221005063950.0
006 a|||||r|||| 00| 0
007 ta
008 221004b |||||||| |||| 00| 0 eng d
020 _a9781506344478 (pbk)
_cUSD 75.00
024 _a29315
037 _b109990, 14/03/2017, International Book Distributors
_cTextual
040 _aCRL
_cCRL
_beng
041 _2eng
_aeng
082 _aX:8, Q2;Q8
100 _aAnderson Donald L Ed.
_935950
245 0 _aCases and exercises in organization development and change
250 _a2nd ed
260 _aLos
_bAngles Sage USA
_c2018
300 _axxx,367p.
_ccm.
650 _a MANAGEMENT
650 _aECONOMICS
942 _hX:8, Q2;Q8
_cTEXL
_2cc
999 _c972170
_d972170